Прошение, поданное Александру I купеческим сыном Кузьмой Терентьевичем Самойловым, по делу о взыскании, наложенном на К.Т. Самой...

Доступно только в Электронных читальных залах Найти на картеНа карте
RUSMARC
00003778nmc2a2200000 x 450
001c76f49b3-6516-4a25-8568-4c6307fe49ac
00520151217174203.0
100##$a20150609l18221824k l0rusy0189 ca
1010#$arus
102##$aRU
200##$aПрошение, поданное Александру I купеческим сыном Кузьмой Терентьевичем Самойловым, по делу о взыскании, наложенном на К.Т. Самойлова и его отца за постройки, произведенные ими сверх сметы и контракта в Скопинском военно-конном заводе, с приложением двух свидетельств об этих постройках и сопроводительное письмо к Иллариону Васильевичу Васильчикову начальника Главного штаба Ивана Ивановича Дибича
$j7 февраля 1822 г. - 7 июня 1824 г.
251##$cДело
300##$aДело
801#0$aRU
$bРГИА
$c20150609
$gRCR
801#1$aRU
$bГлавНИВЦ
$c20150609
$2rusmarc
801#2$aRU
$bПБ им. Б.Н. Ельцина
$c20151217
$gRCR
$2rusmarc
850##$aРГИА
852##$aРГИА
$eФедеральное казенное учреждение "Российский государственный исторический архив" (РГИА)
$j188
937##$hРГИА
$d12146447
$aASBIBLIO_SCAN
462#0$1001822e29f6-cf5c-4253-b938-c1de610979e5
$12001
$aАрхив князей Васильчиковых. 1706-1917 гг.
$1251
$cОпись
$1852
$j1
461#0$1001f72a1ecb-9a9a-44e3-87ff-4a647e6521fe
$12001
$aВасильчиковы, князья
$1251
$cФонд
$1852
$j651
215##$a9 л.
$d36,5х26 см
371##$aДокумент не является опубликованным и широко распространяемым
105##$ay###
1222#$ad
035##$ac76f49b3-6516-4a25-8568-4c6307fe49ac
Формат отображения